000 00625nam a2200253Ia 4500
003 OSt
005 20220912152252.0
006 a|||||r|||| 00| 0
007 ta
008 220909b |||||||| |||| 00| 0 eng d
024 _a55046
037 _cTextual
040 _aCSL
_beng
_cCSL
041 _aeng
082 _aK9:73, H94 H93 J32
100 _aMcewen R S
245 0 _aVetebrate embryology
250 _a3
260 _c1949
300 _ap.
_ccm.
650 _aMammals
942 _hK9:73, H94 H93 J32
_cTEXL
_2CC
999 _c83347
_d83347